| 000 | 01198cam a22003377a 4500 | ||
|---|---|---|---|
| 003 | CHAP | ||
| 005 | 20220329142514.0 | ||
| 008 | 010814d1996 us d r 00110 spa d | ||
| 010 | _a84436 | ||
| 011 | _a85408 | ||
| 035 | _a95941 | ||
| 040 | _cCHAP | ||
| 090 | _aFolleto 16334 | ||
| 100 | 0 | 0 |
_aJaffé Carbonell, Walter. _960893 |
| 245 | 1 | 0 |
_aOportunidades y desafíos de la biotecnología para la agricultura y agroindustria de América Latina y el Caribe _c/por Walter Jaffé Carbonell y Diógenes Infante |
| 260 |
_aWashington, D.C. : _bBanco Interamericano de Desarrollo, _c1996 |
||
| 300 |
_a39 h. : _bcuadros |
||
| 590 |
_aBATCH-UPD _b10 _c20130110 _lUCH01 _h0647 |
||
| 590 |
_aBATCH-UPD _b10 _c20130410 _lUCH01 _h0332 |
||
| 590 |
_aBATCH-UPD _b10 _c20130914 _lUCH01 _h0008 |
||
| 590 |
_aCONVERSION _b10 _c20130109 _lUCH01 _h1347 |
||
| 650 | 1 | 4 |
_aAgricultura _xEl Caribe. _91412 |
| 650 | 1 | 4 |
_aAgricultura _xIndustrialización. _91560 |
| 650 | 1 | 4 |
_aAgricultura _zAmérica Latina. _91911 |
| 650 | 1 | 4 |
_aBiotecnología. _912878 |
| 700 | 0 |
_aInfante, Diógenes. _958057 |
|
| 901 | _aBK | ||
| 905 | _aMarco A. Mendoza T. | ||
| 942 | _cFOLL | ||
| 949 |
_aFolleto 16334 _bBC _cFOLL _d959411 _eTS1 _i95941 _sb |
||
| 999 |
_c84436 _d84436 |
||